| 000 | 00617nam a2200181 i 4500 | ||
|---|---|---|---|
| 001 | 157700 | ||
| 003 | ES-MaACL | ||
| 005 | 20250903083732.0 | ||
| 008 | 051010s1881 fr | |||||||| ||fre d | ||
| 040 |
_aCAM _bspa _cCAM |
||
| 110 | 1 |
_aBaillière, Germer. _9188173 |
|
| 245 | 1 | 0 |
_aCatalogue des livres de fonds _b: ouvrages historiques et philosophiques / _cLibrairie Germer Baillière et C. |
| 260 |
_aParis : _bLibrairie Germer Baillière et C., _c1881. |
||
| 300 |
_a32 o, ; _c23 cm. |
||
| 650 | 7 |
_aCatálogos de libreros _2embne _9139327 |
|
| 852 |
_aES-MaACL _jG-7558(2) _z-- Rúst. |
||
| 999 |
_c157700 _d157700 |
||